La mors immatura en la eneida /
Guardado en:
| Autor Principal: | |
|---|---|
| Formato: | Libro |
| Publicado: |
Córdoba :
Brujas,
2018
|
| Materias: | |
| Etiquetas: |
Agregar Etiqueta
Sin Etiquetas, Sea el primero en etiquetar este registro!
|
| LEADER | 00588nam a22001935a 4500 | ||
|---|---|---|---|
| 001 | EHU.bham045491 | ||
| 003 | AR-BHAM | ||
| 005 | 20190220095656.0 | ||
| 008 | 130507s2018##################000#0#####d | ||
| 020 | |a 9789877601398 | ||
| 082 | 8 | 7 | |a 873.07 |
| 100 | 1 | |a Sisul, Ana Clara | |
| 245 | 1 | 0 | |a La mors immatura en la eneida / |c Ana Clara Sisul |
| 260 | |a Córdoba : |b Brujas, |c 2018 | ||
| 300 | |a 373 p. | ||
| 600 | 1 | 4 | |a Virgilio Marón, Publio |
| 653 | |a Literatura latina-estudios sobre | ||
| 653 | |a Poesía latina-estudios sobre | ||
| 859 | |a AR-BHAM |b BIB. HUMANIDADES - General |h 873.07 |i Si81 |p 283.18 |t Ej.1 | ||
